Sol Power: La evolución de la arquitectura sostenible
Furkejuvvon:
| Váldodahkkit: | , |
|---|---|
| Materiálatiipa: | Girji |
| Giella: | espánnjágiella |
| Almmustuhtton: |
Barcelona
G. Gili
2002
|
| Fáttát: | |
| Fáddágilkorat: |
Lasit fáddágilkoriid
Eai fáddágilkorat, Lasit vuosttaš fáddágilkora!
|
MARC
| LEADER | 00000nam a2200000 a 4500 | ||
|---|---|---|---|
| 001 | UCH1461 | ||
| 003 | CL-VaPUC | ||
| 008 | 090427e20020000SP |||||||||||||||||spa|d | ||
| 020 | |a 9688873969 | ||
| 082 | 0 | 4 | |a 621.47 |b BEH |2 21 |
| 100 | 0 | |a Behling, Sophia |e author |9 535965 | |
| 700 | 0 | |a Behling, Stefan |e author |9 535966 | |
| 245 | 1 | 0 | |a Sol Power: La evolución de la arquitectura sostenible |
| 300 | |a 240 p | ||
| 942 | |c BK | ||
| 945 | |d 20090427 00:00:00 |a dcastane | ||
| 260 | |a Barcelona |b G. Gili |c 2002 | ||
| 650 | 0 | |a Arquitectura sostenible |9 535967 | |
| 650 | 7 | |a ENERGIA SOLAR |2 CL-VaPUC |9 535968 | |
| 650 | 7 | |a CALEFACCION SOLAR |2 CL-VaPUC |9 263347 | |
| 650 | 7 | |a GENERACION DE ENERGIA |2 CL-VaPUC |9 535969 | |
| 583 | |a last modification |c 20090427 00:00:00 |k Rodrigo Vera | ||
| 999 | |c 333499 |d 333497 | ||
| 952 | |0 0 |1 0 |4 0 |6 621_470000000000000_BEH_2002 |7 0 |8 A |9 421947 |a BIBARQ |b BIBARQ |d 2019-11-22 |i 4542320 |l 2 |o 621.47 BEH 2002 |p 4542320 |r 2025-01-20 |s 2022-04-20 |w 2019-11-22 |y BK |k ARQ | ||